Rimas, leyendas y narraciones

Guardat en:
Dades bibliogràfiques
Autor principal: Bécquer, Gustavo Adolfo
Format: Llibre
Idioma:Undetermined
Publicat: México, Distrito Federal Porrúa 1982
Edició:15
Matèries:
Etiquetes: Afegir etiqueta
Sense etiquetes, Sigues el primer a etiquetar aquest registre!

MARC

LEADER 00000nam a2200000Ia 4500
008 170316s9999 xx 000 0 und d
040 |a cru BVZT 
090 |a 862 B-7rn 
100 |a Bécquer, Gustavo Adolfo 
245 |a Rimas, leyendas y narraciones 
250 |a 15 
260 |a México, Distrito Federal 
260 |b Porrúa 
260 |c 1982 
300 |a 223 páginas 
650 |a LITERATURA ESPAÑOLA 
650 |a RIMAS 
650 |a LEYENDAS 
650 |a NARRACIONES 
999 |c 9593  |d 9593 
942 |c 15 D  |h 862 B-7rn  |2 z